| 000 | 01074cam a22003015a 4500 | ||
|---|---|---|---|
| 001 | 17813802 | ||
| 005 | 20150726131014.0 | ||
| 006 | a||||f ||z 00| 0 | ||
| 008 | 130716t2013 flua frb 001 0 eng d | ||
| 020 | _a9781466504219 (hbk.) | ||
| 020 | _a1466504218 (hbk.) | ||
| 040 |
_aUKMGB _beng _cUKMGB _dOCLCO _dBTCTA _dYDXCP _dBWX _dCIN _dCDX _dJHE _dDLC _dEG-ScBUE |
||
| 082 | 0 | 4 |
_a621.3828 _bLOI _222 |
| 100 | 1 |
_aLoizou, Philipos C. _938245 |
|
| 245 | 1 | 0 |
_aSpeech enhancement : _btheory and practice / _cPhilipos C. Loizou. |
| 250 | _a2nd ed. | ||
| 260 |
_aBoca Raton : _bCRC Press / Taylor & Francis Group, _cc.2013. |
||
| 300 |
_axxvi, 689 p. : _bill. ; _c25 cm. + _e1 DVD-ROM (4 3/4 in.) |
||
| 500 | _aIndex : p. 677-689. | ||
| 504 | _aIncludes bibliographical references. | ||
| 650 | 0 |
_aSpeech processing systems. _2BUEsh _929012 |
|
| 650 | 0 |
_aSignal processing _xDigital techniques. _2BUEsh |
|
| 650 | 0 |
_aImage processing _xDigital techniques. _2BUEsh |
|
| 651 | _2BUEsh | ||
| 653 |
_bENGELC _cJuly2015 |
||
| 655 |
_vreading book _934232 |
||
| 942 |
_2ddc _k621.3828 LOI |
||
| 999 |
_c19554 _d19526 |
||